000 00814nam a2200205 a 4500
001 000041832
005 20201002035800.0
008 131018s1988 sp 000 0 spa d
020 _a8400066529
040 _aDO-SdBNP
_bspa
_cBNPHU
082 _axxx
_bR696n
100 1 _aRodríguez Adrados, Francisco
_918641
245 1 0 _aNuevos Estudios de Lingüística Indoeuropea /
_cFrancisco Rodríguez Adrados.
260 _aMadrid :
_bConsejo Superior de Investigaciones Científicas, Instituto de Filología,
_c1988.
300 _a623 p. ;
_c24 cm.
490 1 _aManuales y anejos de "Emérita"
_v37
500 _aIncluye referencias bibliográficas y notas al pie de las páginas.
500 _aIncluye datos biográficos del autor en la solapa de la cubierta
830 0 _aManuales y anejos de "Emérita"
_n37
_968712
999 _c41321
_d41321